000 01073cam a2200157 4500500
005 20260329005336.0
041 _afre
042 _adc
100 1 0 _aWillems Federici, David
_eauthor
245 0 0 _aEnjeux du soin en obésité : corps en perte face aux agonistes du GLP-1
260 _c2026.
500 _a99
520 _aDans un contexte où la profession est traversée par de profonds mouvements idéologiques, démographiques et institutionnels, cet article vient questionner la consistance épistémologique de la notion de « jeune psychologue ». Sous une plume réflexive et non sans ironie, l’auteur se penche sur la façon dont les récits récurrents et autres représentations construisent une réalité qui vient influencer tant les pratiques que l’identité professionnelle et les trajectoires des psychologues aujourd’hui.
786 0 _nLe Journal des psychologues | Hors-série | HS7 | 2026-02-13 | p. 18-23 | 0752-501X
856 4 1 _uhttps://shs.cairn.info/revue-le-journal-des-psychologues-2026-hs7-page-18?lang=fr&redirect-ssocas=7080
999 _c1842489
_d1842489